00821cam a2200241 a 450000100090000000300040000900500170001300800410003001000170007102000150008804000180010304300120012105000250013308200160015810000230017424500800019725000120027726000630028930000350035250400640038765000740045165000540052512599720OSt20161028020114.0011127s2003 njua bf 001 0 eng  a 2001058720 a0130422541 aDLCcDLCdDLC an-us---00aLB1028.24b.M55 200300a370.7/22221 aMills, Geoffrey E.10aAction research :ba guide for the teacher researcher /cGeoffrey E. Mills. a2nd ed. aUpper Saddle River, N.J. :bMerrill/Prentice Hall,cc2003. axvii, 235 p. :bill. ;c24 cm. aIncludes bibliographical references (p. 219-222) and index. 0aAction research in educationzUnited StatesvHandbooks, manuals, etc. 0aTeachingzUnited StatesvHandbooks, manuals, etc.